000 00690nam a22002177a 4500
999 _c156207
_d156207
006 a|||||f|||| 00| 0
007 tc
008 180713b xxu|||||f|||| 00| 0 eng d
010 _aBR-000506- BR-000507
020 _c05.00
035 _aBR-000506
037 _bA.I.C.B.
082 _a360
100 _aBhowmik, Raj
245 _aCorporitual
_cby Raj Bhowmik
260 _aNew Delhi
_bA.I.C.B.
_cN.D.
270 _aSector-5, Rohini,
_bNew Delhi
_e110085
300 _a2v., various pages
_c30cm(HB)
942 _2ddc
_cBRLEN
_h360
_mBHO